Boletín del instituto interamericano del niño (Record no. 3187)
[ view plain ]
| 000 -CABECERA | |
|---|---|
| campo de control de longitud fija | 00529caa a22001932a 4500 |
| 001 - NÚMERO DE CONTROL | |
| campo de control | 000409 |
| 003 - IDENTIFICADOR DEL NÚMERO DE CONTROL | |
| campo de control | AR-FADEU |
| 008 - DATOS DE LONGITUD FIJA--INFORMACIÓN GENERAL | |
| campo de control de longitud fija | 311216n############xxu####################dd |
| 092 ## - ASIGNACIÓN LOCAL DE SIGNATURA TOPOGRÁFICA DEWEY (OCLC) | |
| Número de clasificación | PP(362.7)BOL |
| 100 ## - ENTRADA PRINCIPAL--NOMBRE DE PERSONA | |
| Nombre de persona | Prieto Peralta, Ana Luisa |
| 245 ## - MENCIÓN DE TÍTULO | |
| Resto del título | Hacia un nuevo concepto de patria potestad : (Reformas al libro I del Código Civil) |
| 245 ## - MENCIÓN DE TÍTULO | |
| Título | Boletín del instituto interamericano del niño |
| 260 ## - PUBLICACIÓN, DISTRIBUCIÓN, ETC. (PIE DE IMPRENTA) | |
| Fecha de publicación, distribución, etc. | 1971 |
| 300 ## - DESCRIPCIÓN FÍSICA | |
| Extensión | 433-441 |
| 440 ## - MENCIÓN DE SERIE/PUNTO DE ACCESO ADICIONAL--TÍTULO | |
| Designación de volumen o secuencia | 45 |
| 440 ## - MENCIÓN DE SERIE/PUNTO DE ACCESO ADICIONAL--TÍTULO | |
| Número de parte o sección de la obra | 178 |
| 650 ## - PUNTO DE ACCESO ADICIONAL DE MATERIA--TÉRMINO DE MATERIA | |
| Término de materia o nombre geográfico como elemento inicial | PATRIA POTESTAD |
| 942 ## - ELEMENTOS DE PUNTO DE ACCESO ADICIONAL (KOHA) | |
| Tipo de ítem Koha | PPGR |
No items available.